000 00588nam a2200229Ia 4500
003 OSt
005 20220923213409.0
006 a|||||r|||| 00| 0
007 ta
008 220922b |||||||| |||| 00| 0 hin d
024 _a161,473
037 _cTextual
040 _aARTS
_cARTS
_bhin
041 _2hin
_ahin
082 _aO152:2M912:1, K1
100 _aचतुरसेन
_9156280
245 0 _aमेघनांद
246 _aMeghanāanda
260 _c1961
942 _hO152:2M912:1, K1
_cTEXL
_2CC
999 _c316144
_d316144